Statistics for Countries with the Highest Percent of WWII Deaths

Click here to take the quiz!

General Stats

  • This quiz has been taken 11,430 times
    (11,384 since last reset)
  • The average score is 6 of 14

Answer Stats

% Total Country % Correct
8.25,700,000Germany
97%
12.713,950,000Russia
93%
17.15,950,000Poland
91%
16.36,850,000Ukraine
65%
25.32,290,000Belarus
55%
14.4370,000Lithuania
51%
12.5250,000Latvia
51%
9.1657,000Greece
44%
14.7500Nauru
17%
8.3300,000Georgia
14%
10.7660,000Kazakhstan
13%
9.1300,000Azerbaijan
11%
8.4550,000Uzbekistan
9%
11.555,000East Timor
6%

Score Distribution

Percentile by Number Answered

Percent of People with Each Score

Your Score History

You have not taken this quiz since the last reset